Eastern Utah Libraries Catalog: Duchesne, Heber, Roosevelt, & Vernal

The Stone Witch of Florence / (Record no. 410536)

MARC details
000 -LEADER
fixed length control field 02164aam a2200421 i 4500
001 - CONTROL NUMBER
control field in503324661
003 - CONTROL NUMBER IDENTIFIER
control field Ingram
005 - DATE AND TIME OF LATEST TRANSACTION
control field 20250806135804.0
008 - FIXED-LENGTH DATA ELEMENTS--GENERAL INFORMATION
fixed length control field 240926s2024 oncab 000 1 eng d
020 ## - INTERNATIONAL STANDARD BOOK NUMBER
International Standard Book Number 9780778310457
Qualifying information (hardcover)
035 ## - SYSTEM CONTROL NUMBER
System control number (OCoLC)1453491425
040 ## - CATALOGING SOURCE
Original cataloging agency TnLvILS
Language of cataloging eng
Description conventions rda
Transcribing agency TnLvILS
Modifying agency TnLvILS
043 ## - GEOGRAPHIC AREA CODE
Geographic area code e-it---
082 04 - DEWEY DECIMAL CLASSIFICATION NUMBER
Classification number 813/.6
Edition number 23/eng/20241014
100 1# - MAIN ENTRY--PERSONAL NAME
Personal name Rasche, Anna,
Relator term author.
9 (RLIN) 6549996
245 14 - TITLE STATEMENT
Title The Stone Witch of Florence /
Statement of responsibility, etc Anna Rasche.
264 #1 - Production, Publication, Distribution, Manufacture, and Copyright Notice.
Place of production, publication, distribution, manufacture Toronto, Ontario, Canada :
Name of producer, publisher, distributor, manufacturer Park Row Books,
Date of production, publication, distribution, manufacture, or copyr 2024.
300 ## - PHYSICAL DESCRIPTION
Extent 360 pages :
Other physical details illustrations, map ;
Dimensions 24 cm
336 ## - Content Type
Content type term text
337 ## - Media type
Media type term unmediated
338 ## - Carrier type
Carrier type term volume
500 ## - GENERAL NOTE
General note "A novel"--Jacket.
520 ## - SUMMARY, ETC.
Summary, etc "1348. As the Black Plague ravages Italy, Ginevra di Gasparo is summoned to Florence after nearly a decade of lonely exile. Ginevra has a gift--harnessing the hidden powers of gemstones, she can heal the sick. But when word spread of her unusual abilities, she was condemned as a witch and banished. Now the same men who expelled Ginevra are begging for her return. Ginevra obliges, assuming the city's leaders are finally ready to accept her unorthodox cures amid a pandemic. But upon arrival, she is tasked with a much different mission: she must use her collection of jewels to track down a ruthless thief who is ransacking Florence's churches for priceless relics--the city's only hope for protection"--
-- Provided by publisher.
588 ## -
-- Description based on publisher data.
-- TnLvILS
650 #0 - SUBJECT ADDED ENTRY--TOPICAL TERM
Topical term or geographic name as entry element Black Death
Form subdivision Fiction.
650 #0 - SUBJECT ADDED ENTRY--TOPICAL TERM
Topical term or geographic name as entry element Women healers
Form subdivision Fiction.
9 (RLIN) 6374391
650 #0 - SUBJECT ADDED ENTRY--TOPICAL TERM
Topical term or geographic name as entry element Healers
Form subdivision Fiction.
9 (RLIN) 5681206
650 #0 - SUBJECT ADDED ENTRY--TOPICAL TERM
Topical term or geographic name as entry element Witches
Form subdivision Fiction.
9 (RLIN) 5673734
650 #0 - SUBJECT ADDED ENTRY--TOPICAL TERM
Topical term or geographic name as entry element Magic
Form subdivision Fiction.
9 (RLIN) 5673694
650 #0 - SUBJECT ADDED ENTRY--TOPICAL TERM
Topical term or geographic name as entry element Precious stones
Form subdivision Fiction.
9 (RLIN) 5710580
650 #0 - SUBJECT ADDED ENTRY--TOPICAL TERM
Topical term or geographic name as entry element Gem cutting
Form subdivision Fiction.
9 (RLIN) 6363060
650 #0 - SUBJECT ADDED ENTRY--TOPICAL TERM
Topical term or geographic name as entry element Theft
Form subdivision Fiction.
9 (RLIN) 5707898
650 #0 - SUBJECT ADDED ENTRY--TOPICAL TERM
Topical term or geographic name as entry element Relics
Form subdivision Fiction.
9 (RLIN) 5713469
651 #0 - SUBJECT ADDED ENTRY--GEOGRAPHIC NAME
Geographic name Florence (Italy)
General subdivision History
Chronological subdivision To 1421
Form subdivision Fiction.
9 (RLIN) 6549997
655 #7 - INDEX TERM--GENRE/FORM
Genre/form data or focus term Witch fiction.
Source of term lcgft
9 (RLIN) 6412105
655 #7 - INDEX TERM--GENRE/FORM
Genre/form data or focus term Fantasy fiction.
Source of term lcgft
655 #7 - INDEX TERM--GENRE/FORM
Genre/form data or focus term Historical fiction.
Source of term lcgft
Holdings
Withdrawn status Lost status Source of classification or shelving scheme Damaged status Not for loan Collection code Home library Current library Shelving location Date acquired Source of acquisition Total Checkouts Total Renewals Full call number Barcode Date last seen Date checked out Cost, replacement price Price effective from Koha item type
    Dewey Decimal Classification     Fiction Wasatch County Library Wasatch County Library First Floor 08/07/2025 Ingram 3 3 F Rasche 34301002163543 12/16/2025 10/07/2025 30.00 08/07/2025 BOOK
This project was made possible through a grant from the Institute of Museum and Library Service administered by the Utah State Library Division.

Wasatch County Library

  • 465 East 1200 South, Heber City, Utah 84032
  • Phone 435-654-1511 | Fax 435-654-6456

Hours

  • Monday - Friday 9:30 AM - 8:00 PM
  • Saturday 9:30 AM - 1:30 PM
  • Closed Sundays and Holidays